Euro 2020 Group E - Sweden - Poland - Statistics

General Stats
  • This quiz has been taken 60 times
  • The average score is 19 of 32
Answer Stats
Player % Correct
Robert Lewandowski ²
94%
Kamil Glik
88%
Alexander Isak
84%
Emil Forsberg ²
84%
Jan Bednarek
82%
Piotr Zieliński
82%
Wojciech Szczęsny
82%
Robin Olsen
80%
Victor Lindelöf
78%
Grzegorz Krychowiak
73%
Paulo Sousa
59%
Karol Świderski
57%
Kristoffer Olsson
57%
Ludwig Augustinsson
57%
Mateusz Klich
57%
Robin Quaison
57%
Marcus Berg
55%
Mikael Lustig
53%
Seb Larsson
53%
Albin Ekdal
51%
Tymoteusz Puchacz
51%
Viktor Claesson ¹
51%
Bartosz Bereszyński
49%
Kamil Jóźwiak
45%
Przemysław Frankowski
45%
Dejan Kulusevski
43%
Marcus Danielson
43%
Janne Andersson
41%
Emil Krafth
39%
Kacper Kozłowski
35%
Jakub Świerczok
20%
Przemysław Płacheta
20%
No matching quizzes found
Score Distribution
Percent of People with Each Score
Percentile by Number Answered
Your Score History
You have not taken this quiz